Comprender: ¿Qué es? ¿Cómo funciona?

Збережено в:
Бібліографічні деталі
Автор: Tuffanelli, Luigi (Автор)
Формат: Книга
Мова:Іспанська
Опубліковано: Madrid Narcea S. a de Ediciones 2010
Редагування:1a. ed
Серія:Didáctica de las Operaciones Mentales, 1
Предмети:
Теги: Додати тег
Немає тегів, Будьте першим, хто поставить тег для цього запису!

MARC

LEADER 00000cam a2200000 a 4500
001 UCE2861
003 CL-VaPUC
008 140731e20100000sp |||||||||||||||||spa|d
020 |a 9788427717268 
082 0 4 |a 370.152  |b TUF  |2 21 
100 0 |a Tuffanelli, Luigi  |e author  |9 575416 
245 1 0 |a Comprender: ¿Qué es? ¿Cómo funciona? 
250 |a 1a. ed 
300 |a 127 p 
942 |c BK 
945 |d 20140731 15:45:00  |a dcastane 
260 |a Madrid  |b Narcea S. a de Ediciones  |c 2010 
650 0 |a Procesos mentales superiores  |9 330839 
650 0 |a Cognición   |9 270347 
650 0 |a Inteligencia  |9 267038 
650 0 |a Creatividad   |9 310816 
583 |a last modification  |c 20140731 15:45:00  |k Rodrigo Vera 
490 0 |a Didáctica de las Operaciones Mentales, 1 
999 |c 356401  |d 356399 
952 |0 0  |1 0  |3 erb  |4 0  |6 370_152000000000000_TUF_2010  |7 0  |8 A  |9 463720  |a BIBEDU  |b BIBEDU  |i 5092558  |o 370.152 TUF 2010  |p 5092558  |r 2019-11-23  |w 2019-11-23  |y BK  |z Catalogado en:20140731  |k LIT 
952 |0 0  |1 0  |3 erb  |4 0  |6 370_152000000000000_TUF_2010  |7 0  |8 A  |9 463721  |a BIBEDU  |b BIBEDU  |i 512008K  |l 4  |m 1  |o 370.152 TUF 2010  |p 512008K  |r 2022-02-22  |s 2020-12-29  |w 2019-11-23  |y BK  |z Catalogado en:20141023  |k EPE 
952 |0 0  |1 0  |3 erb  |4 0  |6 370_152000000000000_TUF_2010  |7 0  |8 A  |9 463722  |a BIBEDU  |b BIBEDU  |i 5362865  |o 370.152 TUF 2010  |p 5362865  |r 2019-11-23  |w 2019-11-23  |y BK  |z Catalogado en:20170309  |k FIL